| 000 | 00689cam a2200241 a 4500 | ||
|---|---|---|---|
| 001 | 1967680 | ||
| 005 | 20180312044452.0 | ||
| 008 | 880308s1989 mau b 000 0 eng | ||
| 010 | _a 88080719 | ||
| 020 | _a0669144908 | ||
| 040 |
_aDLC _cDLC _dDLC |
||
| 041 | _aeng | ||
| 043 | _an-us--- | ||
| 080 | _a305.40973 NOR | ||
| 082 | 0 | 0 |
_a305.40973 NOR _220 |
| 100 | _a50 | ||
| 101 | _aSOC | ||
| 245 | 0 | 0 |
_aMajor problems in American women's history : _cedited by Mary Beth Norton. |
| 504 | _aIncludes bibliographical references. | ||
| 906 |
_a7 _bcbc _corignew _d1 _eopcn _f19 _gy-gencatlg |
||
| 942 |
_2ddc _cBK |
||
| 999 |
_c44670 _d44670 |
||